| 000 | 00632nam a22001817a 4500 | ||
|---|---|---|---|
| 005 | 20240130102624.0 | ||
| 008 | 240130b |||||||| |||| 00| 0 eng d | ||
| 020 | _a97811485108917 | ||
| 041 | _aEnglish | ||
| 082 | _a347.6 VAN | ||
| 100 |
_aVan der Heever, P and Lawrenson, N _lEnglish |
||
| 245 |
_aExpert Evidence in Clinical Negligence : _bA Practitioner's Guide / _cP Van der Heever and N Lawrenson |
||
| 250 | _aFirst Edition | ||
| 260 |
_aCape Town : _bJuta and Company (Pty) Ltd, _c2015 |
||
| 300 |
_bxxi, 141 pages ; _c25,5 cm. |
||
| 650 |
_aLegal practice _bLaw |
||
| 942 |
_cBK _6ALISON_BN_VRIES |
||
| 999 |
_c1300 _d1300 |
||